00974nam a2200241 a 450000100100000000500170001000800410002704000250006808200200009310000260011324500410013926000730018030000270025350000420028059000260032265000280034865000280037665000310040491000380043595201180047395201240059199900170071500001116520240530073931.0091014s19uu dr a r 000 p spa d aDO-SdBNPbspacBNPHU aRD861.44bF897m1 aFrias, Antonia92667310aModelo del momento /cAntonia Frias. aSan Francisco de Macorís, República Dominicana :bKali,c[s.f.]. a48 p. :bil. ;c21 cm. aIncluye datos biográficos del autor aInventariado, 2018/BT 0aPoesía dominicana966 0aEnsayos dominicanos965 0aLiteratura dominicana.967 aValidado. Control de calidad. MFF 0010718PDaPDbPDcHDd2009-10-14iLF1l0oRD861.44 F897mp11165-10r2020-06-25w2020-06-25yLFPDZNo se presta 0010718PDaPDbPDcHDd2009-10-14iLF1l0oRD861.44 F897mp11165-20r2020-06-25te. 2w2020-06-25yLFPDZNo se presta c10890d10890